<?xml version="1.0" encoding="UTF-8"?><collection xmlns="info:lc/xmlns/marcxchange-v2"><record format="Unimarc" type="bibliographic"><leader>01142cam 02200313  04500</leader><controlfield tag="001">910402</controlfield><controlfield tag="003">http://id.bnportugal.gov.pt/bib/porbase/910402</controlfield><controlfield tag="005">20000112110500.0</controlfield><datafield ind1=" " ind2=" " tag="010"><subfield code="a">0-86698-091-1</subfield></datafield><datafield ind1=" " ind2=" " tag="035"><subfield code="a">(bn)910402</subfield></datafield><datafield ind1=" " ind2=" " tag="095"><subfield code="a">PTBN01037008</subfield></datafield><datafield ind1=" " ind2=" " tag="100"><subfield code="a">19990204d1992    k  y0pory0103    ba</subfield></datafield><datafield ind1="0" ind2=" " tag="101"><subfield code="a">eng</subfield></datafield><datafield ind1=" " ind2=" " tag="102"><subfield code="a">US</subfield></datafield><datafield ind1=" " ind2=" " tag="106"><subfield code="a">r</subfield></datafield><datafield ind1="1" ind2=" " tag="200"><subfield code="a">?The ?medieval book of birds</subfield><subfield code="e">Hugh of Fouilloy's aviarium</subfield><subfield code="f">ed., transl. and comment. by Willene B. Clark</subfield></datafield><datafield ind1=" " ind2="9" tag="210"><subfield code="a">Binghamton</subfield><subfield code="c">Center for Medieval and Early Renaissance Studies</subfield><subfield code="d">1992</subfield></datafield><datafield ind1=" " ind2=" " tag="215"><subfield code="a">XVII, 341, [104] p.</subfield></datafield><datafield ind1="2" ind2=" " tag="225"><subfield code="a">Medieval &amp; Renaissance texts &amp; studies</subfield><subfield code="v">80</subfield></datafield><datafield ind1=" " ind2=" " tag="320"><subfield code="a">Bibliografia, p. 315-332</subfield></datafield><datafield ind1=" " ind2=" " tag="604"><subfield code="a">Fouilloy,</subfield><subfield code="b">Hugh of,</subfield><subfield code="f">1096-1172</subfield><subfield code="t">-Aviarium</subfield><subfield code="x">Edições</subfield><subfield code="3">1112871</subfield></datafield><datafield ind1=" " ind2=" " tag="604"><subfield code="a">Fouilloy,</subfield><subfield code="b">Hugh of,</subfield><subfield code="f">1096-1172</subfield><subfield code="t">-Aviarium</subfield><subfield code="x">Iluminuras</subfield><subfield code="3">1112872</subfield></datafield><datafield ind1=" " ind2=" " tag="604"><subfield code="a">Fouilloy,</subfield><subfield code="b">Hugh of,</subfield><subfield code="f">1096-1172</subfield><subfield code="t">-Aviarium</subfield><subfield code="x">Temas</subfield><subfield code="3">1112873</subfield></datafield><datafield ind1=" " ind2=" " tag="675"><subfield code="a">091.0</subfield><subfield code="v">BN</subfield><subfield code="z">por</subfield><subfield code="3">336550</subfield></datafield><datafield ind1=" " ind2=" " tag="675"><subfield code="a">821.133.1-97 Fouilloy, Hugh of .09</subfield><subfield code="v">BN</subfield><subfield code="z">por</subfield><subfield code="3">828638</subfield></datafield><datafield ind1=" " ind2="0" tag="700"><subfield code="a">Hugo de Folieto</subfield><subfield code="f">1096-1172</subfield><subfield code="3">899730</subfield></datafield><datafield ind1=" " ind2="1" tag="702"><subfield code="a">Clark</subfield><subfield code="b">Willene B.</subfield><subfield code="4">340</subfield><subfield code="3">800527</subfield></datafield><datafield ind1=" " ind2="0" tag="801"><subfield code="a">PT</subfield><subfield code="b">BN</subfield><subfield code="g">RPC</subfield></datafield><datafield ind1=" " ind2=" " tag="966"><subfield code="l">BN</subfield><subfield code="m">FGMON</subfield><subfield code="n">Usual da SL de RES.</subfield><subfield code="s">P. 13811 V.</subfield><subfield code="x">2</subfield></datafield><datafield ind1=" " ind2=" " tag="997"><subfield code="a">BIBEOD</subfield></datafield></record></collection>